000 00591nam a2200193 a 4500
001 15969
003 CO-ViMGA
008 141112s2004 ck r 000 u spa d
020 _a9586122700
040 _aCO-ViMGA
_bspa
_cCO-ViMGA
082 0 4 _a792.0986 T317
100 1 _aColcultura,
_915458
245 1 0 _aTeatro la Candelaria 1966 - 1996
260 _aBogotá,
_cColcultura,
_c1997
300 _a175.p.
590 _aForma de adquisición : Donación Biblioteca Nacional - - Precio :
_15.000
650 1 4 _aTEATRO LA CANDELARIA - Bogotá, 1966 - 1996 - HISTORIA
_922926
942 _2ddc
_cBK
999 _c25964
_d25964